Allgemeine Musiklehre (Record no. 6375)
[ view plain ]
| 000 -CABECERA | |
|---|---|
| campo de control de longitud fija | 00615nam a2200217 a 4500 |
| 001 - NÚMERO DE CONTROL | |
| campo de control | BRCA_6692 |
| 005 - FECHA Y HORA DE LA ÚLTIMA TRANSACCIÓN | |
| campo de control | 20190320205545.0 |
| 008 - DATOS DE LONGITUD FIJA--INFORMACIÓN GENERAL | |
| campo de control de longitud fija | 171011s1895----be-ag#####---#000-0#ger-# |
| 041 ## - CÓDIGO DE LENGUA | |
| Código de lengua del texto/banda sonora o título independiente | ger |
| 044 ## - CÓDIGO DEL PAÍS DE LA ENTIDAD EDITORA/PRODUCTORA | |
| Código MARC del país | be |
| 050 #4 - SIGNATURA TOPOGRÁFICA DE LA BIBLIOTECA DEL CONGRESO | |
| Número de clasificación | ML3807 |
| Número de documento/Ítem | .A45 |
| -- | 1895 |
| 245 10 - MENCIÓN DE TÍTULO | |
| Título | Allgemeine Musiklehre |
| Resto del título | für seminaristen, Tsräparanden un Musikschüler |
| Mención de responsabilidad, etc. | von Leopold Heinze |
| 250 ## - MENCIÓN DE EDICIÓN | |
| Mención de edición | 13 |
| 260 ## - PUBLICACIÓN, DISTRIBUCIÓN, ETC. | |
| Lugar de publicación, distribución, etc. | Breslau, Bélgica |
| Nombre del editor, distribuidor, etc. | Heinrich Handel´s |
| Fecha de publicación, distribución, etc. | 1895 |
| 300 ## - DESCRIPCIÓN FÍSICA | |
| Extensión | [56] p. |
| Otras características físicas | il., pentagramas |
| Dimensiones | 21 cm. |
| 500 ## - NOTA GENERAL | |
| Nota general | I75 |
| 650 14 - PUNTO DE ACCESO ADICIONAL DE MATERIA--TÉRMINO DE MATERIA | |
| Término de materia o nombre geográfico como elemento de entrada | Música |
| Subdivisión de forma | Pentagramas |
| 9 (RLIN) | 16731 |
| 700 1# - PUNTO DE ACCESO ADICIONAL--NOMBRE DE PERSONA | |
| Nombre de persona | Heinze, Leopold |
| 9 (RLIN) | 16732 |
| 902 ## - CATALOGADOR | |
| Iniciales | GFM |
| 942 ## - ELEMENTOS DE PUNTO DE ACCESO ADICIONAL (KOHA) | |
| Fuente del sistema de clasificación o colocación | Library of Congress Classification |
| Tipo de ítem Koha | Libros |
| Estado de retiro | Estado de pérdida | Estado dañado | No para préstamo | Localización permanente | Ubicación/localización actual | Fecha de adquisición | Número de inventario | Total de préstamos | Signatura topográfica completa | Código de barras | Fecha visto por última vez | Precio válido a partir de | Tipo de ítem Koha |
|---|---|---|---|---|---|---|---|---|---|---|---|---|---|
| El ejemplar forma parte de la colección y puede ser consultado según las políticas vigentes. | Biblioteca del Museo Franz Mayer (Rogerio Casas-Alatriste) | Biblioteca del Museo Franz Mayer (Rogerio Casas-Alatriste) | 17/10/2011 | I75 | ML3807 .A45 1895 (I75) | 7139 | 22/03/2019 | 22/03/2019 | Libros |